000 00613nam a2200205Ii 4500
003 JO-AjNU
008 230606s9999||||xx |||||||||||||| ||und||
020 _a978-93-80228-28-0
040 _aJO-AjNU
_beng
_erda
_cJO-AjNU
041 _aeng
050 1 4 _aHD53.2009
100 3 _aMann,D S,
_eauthor
_91246
245 0 0 _aRESOURCE MANAGEMENT:An Alternative View of the Management process
264 3 1 _aNEW DELHI:GLOBAL INDIA PUBLICATIONS PVT LTD,2009
300 _a312p
336 _atext
_btxt
_2rdacontent
337 _aunmediated
_bn
_2rdamedia
338 _avolume
_bnc
_2rdacarrier
650 4 _aMANAGEMENT
_91247
999 _aE657
_c657
_d657